| 000 | ntm a22 7a 4500 | ||
|---|---|---|---|
| 999 |
_c346188 _d346188 |
||
| 003 | BLK | ||
| 005 | 20191025152011.0 | ||
| 008 | 191025b bu ||||| |||| 00| 0 bu d | ||
| 040 | _aBLK | ||
| 041 |
_aBUL _cBUL |
||
| 080 |
_aЗападноевропейска литература _b821.11/821.134 _z821.11/821.134 |
||
| 245 |
_aРеализъм _bРъкописни бележки : Събрани от Михаил Арнаудов |
||
| 380 | _a82 | ||
| 490 |
_9396381 _aЧастна колекция - Академик Михаил Арнаудов _gДарение - Основен фонд |
||
| 505 | _tРъкописни бележки. - 21 л. | ||
| 600 | 0 | _9366073 | |
| 852 | _aМА 5077 | ||
| 942 |
_cMNS _n0 _s1 |
||
| 999 | _d346175 | ||
| 999 | _d346175 | ||
| 999 | _d346175 | ||